Knowledge Management (Record no. 2277)

MARC details
000 -LEADER
fixed length control field 00415nam a22001697a 4500
005 - DATE AND TIME OF LATEST TRANSACTION
control field 20160531162828.0
008 - FIXED-LENGTH DATA ELEMENTS--GENERAL INFORMATION
fixed length control field 160531b xxu||||| |||| 00| 0 eng d
020 ## - INTERNATIONAL STANDARD BOOK NUMBER
ISBN 81-2597363-7
041 ## - LANGUAGE CODE
Language code of text/sound track or separate title eng
082 ## - DEWEY DECIMAL CLASSIFICATION NUMBER
Item number 6456
100 ## - MAIN ENTRY--AUTHOR NAME
Personal name Wareer Sudhir
245 ## - TITLE STATEMENT
Title Knowledge Management
260 ## - PUBLICATION, DISTRIBUTION, ETC. (IMPRINT)
Place of publication New Delhi
Name of publisher Vikas Publishing House (P) Ltd.
Year of publication 2004
300 ## - PHYSICAL DESCRIPTION
Number of Pages 227
650 ## - SUBJECT ADDED ENTRY--TOPICAL TERM
Topical Term Management
942 ## - ADDED ENTRY ELEMENTS (KOHA)
Koha item type Books
Holdings
Lost status Damaged status Collection code Home library Current library Shelving location Date acquired Cost, normal purchase price Full call number Accession Number Koha item type
    MANAGEMENT JRU Library JRU Library SHELF- 67 G 31/05/2016 250.00 6456 6456 Books
      JRU Library   Shelf - 23- D 31/05/2016 250.00 6456 6457 Books
    MANAGEMENT JRU Library JRU Library SHELF- 67 G 31/05/2016 250.00 6456 6458 Books
    MANAGEMENT JRU Library JRU Library SHELF- 67 G 31/05/2016 250.00 6456 6459 Books
    Reference JRU Library   SHELF-29-C 31/05/2016 250.00 6456 6460 Books
    MANAGEMENT JRU Library JRU Library SHELF- 67 G 31/05/2016 250.00 6456 6461 Books
    MANAGEMENT JRU Library JRU Library SHELF- 67 G 31/05/2016 250.00 6456 6462 Books